Central Library OPAC University of Rajshahi

An introduction to electronic theory of organic compounds / (Record no. 10398)

MARC details
000 -LEADER
fixed length control field 00828nam a22002652 4500
001 - CONTROL NUMBER
control field 10398
003 - CONTROL NUMBER IDENTIFIER
rucl marc code BD-RjUL
005 - DATE AND TIME OF LATEST TRANSACTION
control field 20211208234939.0
008 - FIXED-LENGTH DATA ELEMENTS--GENERAL INFORMATION
fixed length control field 140123s1960 enka b 001 0 eng c
035 ## - SYSTEM CONTROL NUMBER
System control number (BD-RjUL)10446
040 ## - CATALOGING SOURCE
Original cataloging agency DLC/ICU
Transcribing agency CGU
Modifying agency BD-RjUL
Language of cataloging eng
041 ## - LANGUAGE CODE
Language code of text/sound track or separate title eng
082 00 - DEWEY DECIMAL CLASSIFICATION NUMBER
Classification number 547.137
Author mark and year HEI 1960
100 1# - MAIN ENTRY--PERSONAL NAME
Personal name Heys, Harry Law.
9 (RLIN) 32142
245 13 - TITLE STATEMENT
Title An introduction to electronic theory of organic compounds /
Statement of responsibility, etc. With a foreword by E.D. Hughes.
260 ## - PUBLICATION, DISTRIBUTION, ETC. (IMPRINT)
Place of publication, distribution, etc. London :
Name of publisher, distributor, etc. Harrap,
Date of publication, distribution, etc. c1960.
300 ## - PHYSICAL DESCRIPTION
Pagination 236 p. :
Illustrations illus. ;
Size 23 cm.
504 ## - BIBLIOGRAPHY, ETC. NOTE
Bibliography, etc Includes bibliography and index.
650 #0 - SUBJECT ADDED ENTRY--TOPICAL TERM
Topical term or geographic name as entry element Chemistry, Physical and theoretical.
9 (RLIN) 32143
Topical term or geographic name as entry element Chemistry, Organic.
9 (RLIN) 32144
942 ## - ADDED ENTRY ELEMENTS (KOHA)
Source of classification or shelving scheme Dewey Decimal Classification
Koha item type Books
Holdings
Lost status Source of classification or shelving scheme Damaged status Not for loan Collection code Permanent Location Current Location Shelving location Date acquired Source of acquisition Total Checkouts Full call number Date last seen Copy number Koha item type
  Dewey Decimal Classification   Not For Loan Non-fiction Central Library, University of Rajshahi Central Library, University of Rajshahi Reading Room 28/02/1962 Colombo Plan   547.137 HEI 1960 23/01/2014 C-1 Books